Matrimonio y causas de nulidad en el derecho de la Iglesia.

Guardat en:
Dades bibliogràfiques
Autor principal: Peña García, Carmen (autora)
Format: Desconegut
Publicat: Madrid, España: Universidad Pontificia Comillas, 2018.
Edició:Segunda edición adaptada a los m.p. Mitis ludex y De concordia inter Codices.
Col·lecció:Biblioteca Comillas. Derecho Canónico ;
Matèries:
Etiquetes: Afegir etiqueta
Sense etiquetes, Sigues el primer a etiquetar aquest registre!

MARC

LEADER 00000 a2200000 4500
003 CL-VaPUC
005 20240911170012.0
008 240814t2018 ||||| |||| 00| 0 eng d
999 |c 443564  |d 443562 
020 |a 978-84-8468-760-3 
040 |c Pontificia Universidad Católica de Valparaíso 
082 7 |a 262.933 PEÑ 2018  |2 22 
100 |a Peña García, Carmen  |e autora  |9 882448 
245 |a Matrimonio y causas de nulidad en el derecho de la Iglesia. 
250 |a Segunda edición adaptada a los m.p. Mitis ludex y De concordia inter Codices.  
260 |a Madrid, España:   |b Universidad Pontificia Comillas,  |c 2018. 
300 |a 524 páginas.  
490 |a Biblioteca Comillas. Derecho Canónico ;   |n  5. 
583 |k GC  |c 20240814 
650 |a Matrimonio (Derecho canónico)  |9 890677 
650 |a Nulidad del matrimonio (Derecho canónico)  |9 890678 
650 |a Impedimentos Matrimoniales (Derecho Canónico)  |9 890679 
942 |2 ddc  |c BK 
952 |0 0  |1 0  |2 ddc  |4 0  |6 262_933000000000000_PEÑ_2018  |7 0  |8 A  |9 596296  |a BIBTEO  |b BIBTEO  |d 2024-08-14  |e 13  |g 41745.00  |i 5662397  |o 262.933 PEÑ 2018  |p 5662397  |r 2025-01-17  |t 3  |v 41745.00  |w 2024-08-14  |y BK  |k LDC 
952 |0 0  |1 0  |2 ddc  |4 0  |6 262_933000000000000_PEÑ_2018  |7 0  |8 A  |9 596297  |a BIBTEO  |b BIBTEO  |d 2024-08-14  |e 13  |g 41745.00  |i 5662396  |o 262.933 PEÑ 2018  |p 5662396  |r 2025-01-17  |t 2  |v 41745.00  |w 2024-08-14  |y BK  |k LDC 
952 |0 0  |1 0  |2 ddc  |4 0  |6 262_933000000000000_PEÑ_2018  |7 0  |8 A  |9 596298  |a BIBTEO  |b BIBTEO  |d 2024-08-14  |e 13  |g 41745.00  |i 5662395  |o 262.933 PEÑ 2018  |p 5662395  |r 2025-01-17  |t 1  |v 41745.00  |w 2024-08-14  |y BK  |k LDC 
952 |0 0  |1 0  |2 ddc  |4 0  |6 262_933000000000000_PEÑ_2018  |7 0  |8 A  |9 596299  |a BIBTEO  |b BIBTEO  |d 2024-08-14  |e 13  |g 41745.00  |i 5662399  |l 1  |o 262.933 PEÑ 2018  |p 5662399  |r 2025-01-17  |s 2024-11-25  |t 5  |v 41745.00  |w 2024-08-14  |y BK  |k LDC 
952 |0 0  |1 0  |2 ddc  |4 0  |6 262_933000000000000_PEÑ_2018  |7 0  |8 A  |9 596300  |a BIBTEO  |b BIBTEO  |d 2024-08-14  |e 13  |g 41745.00  |i 5662398  |l 1  |m 2  |o 262.933 PEÑ 2018  |p 5662398  |r 2025-01-17  |s 2024-09-13  |t 4  |v 41745.00  |w 2024-08-14  |y BK  |k LDC